000 00314nam a22001337a 4500
008 170131b xxu||||| |||| 00| 0 eng d
020 _a9780761930945
041 _aeng
080 _a61
100 _a3
101 _aSHM
245 _aETHICAL REASONING FOR MENTAL HEALTH PROFESSIONALS
_cFORD, G.F
942 _2udc
_cBK
999 _c4111
_d4111